000 01218nam a22002537a 4500
005 20170124103158.0
010 _aB-040302
020 _c200.00
_a818524457
035 _aB-040302
037 _bCen Lib/Ret
040 _aDPL
_bHN
082 _a823.08
_bसेठीरे
100 _aसेठी, रेखा
_990566
245 _aव्यक्ति और व्यवस्था :
_cरेखा सेठी
_bस्वातंत्र्योत्तर हिंदी कहानी का संदर्भ /
246 _aVyakti aur vyavstha : swatantryottar hindi kahani ka sandarbh /
_bby Rekha Sethi
260 _aनई दिल्ली
_bहिन्दी बुक सेंटर
_c2001
270 _a4/5-बी, आसफ अली रोड
_bनई दिल्ली
_e110002
300 _aiii,155पृ.
_c20सेमी(सजिल्द)
650 _aहिन्दी -- साहित्य
_990567
650 _aहिन्दी -- व्यक्ति और व्यवस्था
_985758
650 _aHindi literature
_990568
650 _aHindi - Individual and systems
_990569
942 _2ddc
_cHN
_h823.08
_mसेठीरे
999 _c120467
_d120467